Normal view
MARC view
- Rashid Minhas (00000319874)
Entry Personal Name
001 - CONTROL NUMBER
- control field: 116729
003 - CONTROL NUMBER IDENTIFIER
- control field: NUST
005 - DATE AND TIME OF LATEST TRANSACTION
- control field: 20230912170031.0
008 - FIXED-LENGTH DATA ELEMENTS
- fixed length control field: 230912|| aca||aabn | a|a d
040 ## - CATALOGING SOURCE
- Original cataloging agency: NUST
- Transcribing agency: NUST
100 ## - HEADING--PERSONAL NAME
- Personal name: Rashid Minhas (00000319874)
670 ## - SOURCE DATA FOUND
- Source citation: Work cat.: (NUST): Rashid Minhas (00000319874), Steam Methane Reforming over Bi-Metal Loaded Hemp Derived Activated Carbon-Based Catalyst for Hydrogen Production /, 2022
